[Event "Abe Yanofsky mem."]
[Site "Winnipeg CAN"]
[Date "2012.07.27"]
[Round "1"]
[White "Baragar, Fletcher"]
[Black "Schulz, Waldemar"]
[Result "1-0"]
[WhiteElo "2248"]
[BlackElo "2045"]
[PlyCount "52"]
[GameId "2160767909441791"]
[EventDate "2012.07.27"]
[EventType "swiss"]
[EventRounds "5"]
[EventCountry "CAN"]
[SourceTitle "EXT 2022"]
[Source "ChessBase"]
[SourceDate "2021.10.06"]
[SourceVersion "1"]
[SourceVersionDate "2021.10.06"]
[SourceQuality "1"]

1. d4 Nf6 2. c4 g6 3. Nc3 d5 4. Nf3 Bg7 5. Qb3 dxc4 6. Qxc4 a6 7. e4 b5 8. Qb3 O-O 9. e5 Be6 10. exf6 Bxb3 11. fxg7 Kxg7 12. axb3 Nc6 13. Be3 Nb4 14. Rc1 Nd5 15. Be2 Nxe3 16. fxe3 Qd6 17. Ne4 Qb4+ 18. Rc3 Rfe8 19. O-O f6 20. Nc5 e5 21. dxe5 fxe5 22. Ng5 Re7 23. Nce6+ Kg8 24. Bf3 Rc8 25. Bd5 c6 26. Rxc6 Rxc6 1-0

[Event "Abe Yanofsky mem."]
[Site "Winnipeg CAN"]
[Date "2012.07.27"]
[Round "1"]
[White "Chandrashekhar, Iyer"]
[Black "Green, Aaron"]
[Result "1/2-1/2"]
[WhiteElo "2183"]
[BlackElo "2002"]
[PlyCount "70"]
[GameId "2160767909441792"]
[EventDate "2012.07.27"]
[EventType "swiss"]
[EventRounds "5"]
[EventCountry "CAN"]
[SourceTitle "EXT 2022"]
[Source "ChessBase"]
[SourceDate "2021.10.06"]
[SourceVersion "1"]
[SourceVersionDate "2021.10.06"]
[SourceQuality "1"]

1. e4 c5 2. Nf3 d6 3. e5 Nc6 4. Bb5 Bd7 5. exd6 exd6 6. O-O Be7 7. Re1 a6 8. Bxc6 Bxc6 9. d4 Qc7 10. Bf4 c4 11. Nbd2 Bd5 12. Qe2 O-O-O 13. c3 h6 14. b3 g5 15. bxc4 Bxf3 16. Nxf3 gxf4 17. Qe4 Rd7 18. c5 Nf6 19. Qf5 Kb8 20. Rxe7 Rxe7 21. Qxf6 Rd8 22. Qxf4 dxc5 23. Qxh6 cxd4 24. cxd4 Re6 25. Qg5 Rg6 26. Qe5 Qd6 27. h4 Re6 28. Qxd6+ Rexd6 29. g3 f5 30. Rc1 b6 31. Rc2 Kb7 32. Kg2 Rg6 33. Rd2 f4 34. Ne5 Rg7 35. g4 Kc7 1/2-1/2

[Event "Abe Yanofsky mem."]
[Site "Winnipeg CAN"]
[Date "2012.07.27"]
[Round "1"]
[White "Currie, James"]
[Black "Melamedoff, Gustavo"]
[Result "0-1"]
[WhiteElo "1996"]
[BlackElo "2125"]
[PlyCount "129"]
[GameId "2160767909441793"]
[EventDate "2012.07.27"]
[EventType "swiss"]
[EventRounds "5"]
[EventCountry "CAN"]
[SourceTitle "EXT 2022"]
[Source "ChessBase"]
[SourceDate "2021.10.06"]
[SourceVersion "1"]
[SourceVersionDate "2021.10.06"]
[SourceQuality "1"]

1. e4 c5 2. Nf3 Nc6 3. d3 g6 4. g3 Bg7 5. Bg2 d6 6. Nbd2 e5 7. O-O Nge7 8. a4 Bg4 9. c3 Qd7 10. Nc4 O-O 11. Re1 h6 12. Ne3 Be6 13. Nh4 d5 14. Qe2 d4 15. Nc2 dxc3 16. bxc3 Rad8 17. Rd1 Na5 18. Be3 Nb3 19. Ra3 b6 20. Nf3 Nc6 21. Rb1 Nba5 22. Bf1 Kh7 23. Qd2 Bg4 24. Nfe1 Nc4 25. Qc1 Nxa3 26. Nxa3 Be6 27. Qc2 f5 28. f3 Na5 29. c4 Qf7 30. Bg2 Nc6 31. Qe2 fxe4 32. fxe4 Nd4 33. Qd1 h5 34. Kh1 Bg4 35. Qc1 Rd6 36. Nb5 Rf6 37. h3 Rf1+ 38. Kh2 Nf3+ 39. Nxf3 Rxc1 40. Ng5+ Kg8 41. Rxc1 Qe7 42. Nc3 Be6 43. a5 Bh6 44. h4 Bxg5 45. hxg5 Bg4 46. Nd5 Qd6 47. axb6 axb6 48. Rb1 Rb8 49. Rb2 Be6 50. Ra2 Bxd5 51. exd5 h4 52. Ra7 b5 53. Bc1 b4 54. Be4 hxg3+ 55. Kxg3 b3 56. Bb2 Qd8 57. Ra6 Qxg5+ 58. Kh3 Kf7 59. Ra7+ Ke8 60. Bg2 Rd8 61. Rb7 Rd7 62. Rb8+ Ke7 63. Rh8 Qf5+ 64. Kh2 Qf4+ 65. Kh3 0-1

[Event "Abe Yanofsky mem."]
[Site "Winnipeg CAN"]
[Date "2012.07.27"]
[Round "1"]
[White "De Groot, Steven"]
[Black "Moncal, Nilo"]
[Result "0-1"]
[WhiteElo "1897"]
[BlackElo "2098"]
[PlyCount "76"]
[GameId "2160767909441794"]
[EventDate "2012.07.27"]
[EventType "swiss"]
[EventRounds "5"]
[EventCountry "CAN"]
[SourceTitle "EXT 2022"]
[Source "ChessBase"]
[SourceDate "2021.10.06"]
[SourceVersion "1"]
[SourceVersionDate "2021.10.06"]
[SourceQuality "1"]

1. c4 e5 2. Nc3 Nc6 3. g3 d6 4. Bg2 Be6 5. d3 Qd7 6. Nd5 Nf6 7. Nxf6+ gxf6 8. h4 O-O-O 9. Nf3 d5 10. cxd5 Bxd5 11. O-O Be7 12. Be3 Kb8 13. Qa4 Nd4 14. Qd1 Nxf3+ 15. exf3 f5 16. f4 Bxg2 17. Kxg2 exf4 18. Bxf4 Qxd3 19. Qxd3 Rxd3 20. Rac1 Bd6 21. Bxd6 Rxd6 22. Rfd1 Rhd8 23. Rxd6 Rxd6 24. Rc5 Rf6 25. Kf3 Kc8 26. Kf4 Kd7 27. Kg5 Re6 28. Rxf5 Ke7 29. Rc5 c6 30. Rc2 a5 31. f4 Rg6+ 32. Kf5 Rxg3 33. Rc5 a4 34. Re5+ Kd6 35. Kf6 Rg4 36. Rf5 Rxh4 37. Kxf7 Rh2 38. Rf6+ Kd5 0-1

[Event "Abe Yanofsky mem."]
[Site "Winnipeg CAN"]
[Date "2012.07.27"]
[Round "1"]
[White "Kaptsan, Aron"]
[Black "Vincent, Trevor"]
[Result "0-1"]
[WhiteElo "2045"]
[BlackElo "2356"]
[PlyCount "54"]
[GameId "2160767909441795"]
[EventDate "2012.07.27"]
[EventType "swiss"]
[EventRounds "5"]
[EventCountry "CAN"]
[SourceTitle "EXT 2022"]
[Source "ChessBase"]
[SourceDate "2021.10.06"]
[SourceVersion "1"]
[SourceVersionDate "2021.10.06"]
[SourceQuality "1"]

1. d4 Nf6 2. c4 g6 3. Nc3 d5 4. cxd5 Nxd5 5. Bd2 Bg7 6. e4 Nxc3 7. Bxc3 O-O 8. Rc1 b6 9. Nf3 Bb7 10. Bd3 e6 11. O-O Nd7 12. Re1 c5 13. Bb1 Rc8 14. Qe2 Qe7 15. dxc5 Bxc3 16. Rxc3 Rxc5 17. Rec1 Rfc8 18. Qe3 Qf6 19. Nd4 Ne5 20. Rxc5 Rxc5 21. b4 Ng4 22. bxc5 Nxe3 23. fxe3 Qg5 24. Kf2 bxc5 25. Nb3 Qh4+ 26. Kg1 Bxe4 27. Nxc5 Qg5 0-1

[Event "Abe Yanofsky mem."]
[Site "Winnipeg CAN"]
[Date "2012.07.27"]
[Round "1"]
[White "Nikouline, Alexandre"]
[Black "Rutter, Blair"]
[Result "1-0"]
[WhiteElo "2090"]
[BlackElo "1870"]
[PlyCount "103"]
[GameId "2160767909441796"]
[EventDate "2012.07.27"]
[EventType "swiss"]
[EventRounds "5"]
[EventCountry "CAN"]
[SourceTitle "EXT 2022"]
[Source "ChessBase"]
[SourceDate "2021.10.06"]
[SourceVersion "1"]
[SourceVersionDate "2021.10.06"]
[SourceQuality "1"]

1. e4 e6 2. d4 d5 3. e5 c5 4. c3 Nc6 5. Be3 Bd7 6. Nf3 Qb6 7. Qd2 Rc8 8. Be2 cxd4 9. cxd4 Na5 10. Nc3 Bb4 11. O-O Ne7 12. Bd3 Nc4 13. Qe2 Nxb2 14. Nxd5 Nxd5 15. Qxb2 Qa5 16. Qe2 Qa3 17. Bd2 a6 18. Rab1 Bxd2 19. Qxd2 Rc3 20. Rxb7 Bc8 21. Rb3 Rxb3 22. axb3 Qxb3 23. Rb1 Qa4 24. Qg5 g6 25. Qh6 Qa3 26. Bf1 Qf8 27. Qxf8+ Rxf8 28. Rb8 Kd7 29. Bxa6 h6 30. Nd2 Kc7 31. Rxc8+ Rxc8 32. Bxc8 Kxc8 33. f3 Kd7 34. Kf2 Kc6 35. Ne4 g5 36. Nd6 f5 37. Nf7 Nc3 38. Nxh6 Kd5 39. Nf7 Kxd4 40. f4 Ne4+ 41. Ke2 gxf4 42. Kf3 Nc3 43. h4 Nd5 44. h5 Ne7 45. Kxf4 Kd5 46. Kg5 Ng8 47. Kg6 f4 48. h6 Nxh6 49. Kxh6 Ke4 50. Kg5 f3 51. gxf3+ Kxf3 52. Kf6 1-0

[Event "Abe Yanofsky mem."]
[Site "Winnipeg CAN"]
[Date "2012.07.27"]
[Round "1"]
[White "Pottinger, Carl"]
[Black "Boron, Anthony"]
[Result "1/2-1/2"]
[WhiteElo "1869"]
[BlackElo "2086"]
[PlyCount "84"]
[GameId "2160767909441797"]
[EventDate "2012.07.27"]
[EventType "swiss"]
[EventRounds "5"]
[EventCountry "CAN"]
[SourceTitle "EXT 2022"]
[Source "ChessBase"]
[SourceDate "2021.10.06"]
[SourceVersion "1"]
[SourceVersionDate "2021.10.06"]
[SourceQuality "1"]

1. c4 e5 2. g3 Nf6 3. Bg2 d5 4. cxd5 Nxd5 5. d3 Nc6 6. Nf3 Bb4+ 7. Bd2 Bxd2+ 8. Qxd2 O-O 9. O-O f6 10. Rc1 Be6 11. Nc3 Nxc3 12. Rxc3 Qd7 13. Rac1 Rac8 14. Ne1 Bd5 15. Bxd5+ Qxd5 16. b3 Rfd8 17. Rc5 Qd6 18. b4 Nd4 19. e3 Ne6 20. R5c4 Qd5 21. Qc2 c6 22. a4 a6 23. Qb2 Rc7 24. R4c2 Rcd7 25. Qc3 Kf7 26. Qc4 Ng5 27. Qxd5+ Rxd5 28. Kg2 Ne6 29. h4 g6 30. Kf3 f5 31. Ke2 f4 32. Rc3 h6 33. Nf3 Kf6 34. Nd2 g5 35. Ne4+ Kg7 36. hxg5 hxg5 37. gxf4 exf4 38. d4 Kg6 39. Nc5 Re8 40. Kd3 Nxc5+ 41. bxc5 fxe3 42. fxe3 Rf5 1/2-1/2

[Event "Abe Yanofsky mem."]
[Site "Winnipeg CAN"]
[Date "2012.07.27"]
[Round "1"]
[White "Repa, Jason"]
[Black "Moleta, Johan Kenneth"]
[Result "1-0"]
[WhiteElo "2106"]
[BlackElo "1944"]
[PlyCount "92"]
[GameId "2160767909441798"]
[EventDate "2012.07.27"]
[EventType "swiss"]
[EventRounds "5"]
[EventCountry "CAN"]
[SourceTitle "EXT 2022"]
[Source "ChessBase"]
[SourceDate "2021.10.06"]
[SourceVersion "1"]
[SourceVersionDate "2021.10.06"]
[SourceQuality "1"]

1. f4 d5 2. Nf3 Nf6 3. e3 g6 4. b3 Bg7 5. Bb2 O-O 6. Be2 Nbd7 7. O-O Re8 8. Qe1 c6 9. Qh4 b6 10. d3 Bb7 11. Nbd2 c5 12. Ne5 h5 13. Rf2 e6 14. Raf1 Nf8 15. Qg3 Qe7 16. a4 Rad8 17. Bf3 Qc7 18. h3 N6h7 19. Ba1 Nf6 20. Qh4 N6d7 21. Qg3 Nf6 22. Bb2 Kh7 23. Be2 N6d7 24. Ba1 f6 25. Nxd7 Nxd7 26. Qh4 Kg8 27. g4 hxg4 28. Qxg4 Kf7 29. Rg2 Nf8 30. Nf3 Re7 31. Nh4 f5 32. Qg3 Bxa1 33. Rxa1 Ke8 34. Nxg6 Rg7 35. h4 Nxg6 36. Bh5 Kd7 37. Bxg6 Rdg8 38. h5 d4 39. Re2 dxe3 40. Rxe3 Qc6 41. Rae1 a6 42. Kf2 Ba8 43. Ke2 Rxg6 44. hxg6 Qg2+ 45. Qxg2 Bxg2 46. Rg1 Rxg6 1-0

[Event "Abe Yanofsky mem."]
[Site "Winnipeg CAN"]
[Date "2012.07.27"]
[Round "1"]
[White "Wasserman, Leor"]
[Black "Babb, Jeff"]
[Result "1/2-1/2"]
[WhiteElo "2033"]
[BlackElo "2194"]
[PlyCount "150"]
[GameId "2160767909441799"]
[EventDate "2012.07.27"]
[EventType "swiss"]
[EventRounds "5"]
[EventCountry "CAN"]
[SourceTitle "EXT 2022"]
[Source "ChessBase"]
[SourceDate "2021.10.06"]
[SourceVersion "1"]
[SourceVersionDate "2021.10.06"]
[SourceQuality "1"]

1. e4 e5 2. Nf3 Nc6 3. Bc4 Bc5 4. d3 Nf6 5. O-O O-O 6. Bg5 h6 7. Bh4 d6 8. Nc3 Na5 9. Nd5 Nxc4 10. Nxf6+ gxf6 11. dxc4 Kh7 12. Qd3 Rg8 13. Kh1 Be6 14. h3 Qd7 15. Kh2 f5 16. exf5 Bxf5 17. Qd2 Qe6 18. b4 Bb6 19. Qc3 a5 20. a3 c6 21. c5 Bc7 22. cxd6 Bxd6 23. Bg3 f6 24. Rae1 axb4 25. axb4 Bg6 26. Nh4 Qf7 27. Nxg6 Qxg6 28. Rd1 Rad8 29. Rfe1 f5 30. Rg1 f4 31. Bh4 Rde8 32. Qd3 Re6 33. c4 Rg7 34. c5 Be7 35. Bxe7 Rgxe7 36. Qd8 Qe8 37. Qxe8 Rxe8 38. Rd7+ R8e7 39. Rgd1 Kg7 40. Rxe7+ Rxe7 41. Rd6 e4 42. Kg1 h5 43. Kf1 h4 44. Ke2 e3 45. fxe3 Rxe3+ 46. Kf2 Re4 47. Rd7+ Kf6 48. Rxb7 Ke6 49. Kf3 Rc4 50. Rb6 Kd5 51. Kg4 Rd4 52. Kxh4 f3+ 53. Kg3 fxg2 54. Kxg2 Rd3 55. Rb8 Kc4 56. h4 Rd4 57. Kg3 Rd3+ 58. Kg4 Rd4+ 59. Kg5 Rd1 60. Kh6 Rg1 61. h5 Rg4 62. Kh7 Kd5 63. h6 Ke6 64. Rg8 Rxb4 65. Rg7 Rb5 66. Rg5 Kf7 67. Rg7+ Ke6 68. Kh8 Rxc5 69. h7 Ra5 70. Rg8 Ra7 71. Rc8 Kf7 72. Rg8 Ke6 73. Rg7 Ra8+ 74. Rg8 Ra7 75. Rc8 Kf7 1/2-1/2

[Event "Abe Yanofsky mem."]
[Site "Winnipeg CAN"]
[Date "2012.07.27"]
[Round "1"]
[White "Willis, Bradley"]
[Black "Swift, Ryne"]
[Result "1/2-1/2"]
[WhiteElo "2048"]
[BlackElo "1815"]
[PlyCount "61"]
[GameId "2160767909441800"]
[EventDate "2012.07.27"]
[EventType "swiss"]
[EventRounds "5"]
[EventCountry "CAN"]
[SourceTitle "EXT 2022"]
[Source "ChessBase"]
[SourceDate "2021.10.06"]
[SourceVersion "1"]
[SourceVersionDate "2021.10.06"]
[SourceQuality "1"]

1. e4 e5 2. Nf3 Nc6 3. Bc4 Be7 4. d4 exd4 5. c3 Na5 6. Bd3 dxc3 7. Nxc3 d6 8. h3 Nf6 9. O-O O-O 10. Nd5 Nc6 11. Bf4 Be6 12. Rc1 Bxd5 13. exd5 Nxd5 14. Bxh7+ Kxh7 15. Qxd5 g6 16. Rc4 Kg7 17. Re1 Bf6 18. Rce4 Qd7 19. g4 Rae8 20. Ne5 Nxe5 21. Bxe5 Rxe5 22. Rxe5 Bxe5 23. Rxe5 Qc6 24. Qxc6 bxc6 25. Ra5 Rb8 26. Rxa7 Rxb2 27. Rxc7 c5 28. Rc6 Rxa2 29. Rxd6 Rc2 30. Rc6 c4 31. Kg2 1/2-1/2

[Event "Abe Yanofsky mem."]
[Site "Winnipeg CAN"]
[Date "2012.07.28"]
[Round "2"]
[White "Babb, Jeff"]
[Black "Nikouline, Alexandre"]
[Result "1-0"]
[WhiteElo "2214"]
[BlackElo "2090"]
[PlyCount "82"]
[GameId "2160767909441801"]
[EventDate "2012.07.27"]
[EventType "swiss"]
[EventRounds "5"]
[EventCountry "CAN"]
[SourceTitle "EXT 2022"]
[Source "ChessBase"]
[SourceDate "2021.10.06"]
[SourceVersion "1"]
[SourceVersionDate "2021.10.06"]
[SourceQuality "1"]

1. f4 d5 2. e3 g6 3. Nf3 Bg7 4. Be2 Bg4 5. O-O c6 6. h3 Bxf3 7. Bxf3 Qb6 8. c3 Nd7 9. d4 f5 10. Nd2 Ngf6 11. c4 e6 12. c5 Qd8 13. Rb1 h5 14. b4 a6 15. a4 h4 16. Qb3 g5 17. fxg5 Ng8 18. Bb2 Qxg5 19. Rbe1 Ngf6 20. b5 axb5 21. axb5 Ke7 22. Bc1 Qg3 23. Rf2 Ne4 24. Bxe4 fxe4 25. Nf1 Qg6 26. b6 Rhf8 27. Ree2 Rf6 28. Nh2 Raf8 29. Qa2 Rxf2 30. Rxf2 Qg3 31. Nf1 Qxf2+ 32. Qxf2 Rxf2 33. Kxf2 e5 34. Bb2 Ke6 35. Nd2 Kf5 36. Nb3 Nf6 37. Na5 Nd7 38. Nxb7 exd4 39. Nd6+ Ke5 40. b7 Nxc5 41. Bxd4+ Kxd6 1-0

[Event "Abe Yanofsky mem."]
[Site "Winnipeg CAN"]
[Date "2012.07.28"]
[Round "2"]
[White "Cleto, Sam"]
[Black "Chandrashekhar, Iyer"]
[Result "0-1"]
[WhiteElo "1884"]
[BlackElo "2183"]
[PlyCount "70"]
[GameId "2160767909441802"]
[EventDate "2012.07.27"]
[EventType "swiss"]
[EventRounds "5"]
[EventCountry "CAN"]
[SourceTitle "EXT 2022"]
[Source "ChessBase"]
[SourceDate "2021.10.06"]
[SourceVersion "1"]
[SourceVersionDate "2021.10.06"]
[SourceQuality "1"]

1. Nf3 Nf6 2. c4 e6 3. d4 d5 4. e3 c5 5. Bd3 Nc6 6. O-O Bd6 7. dxc5 Bxc5 8. a3 dxc4 9. Bxc4 O-O 10. Qc2 Bd6 11. b4 Ne5 12. Nbd2 Qc7 13. Bb2 Bd7 14. Rac1 Rac8 15. Qb3 Qb8 16. Rfe1 b5 17. Bd3 Bc6 18. e4 Rfd8 19. Bb1 Nfg4 20. h3 Nxf3+ 21. Nxf3 Ne5 22. Nd4 Nc4 23. Nxc6 Rxc6 24. e5 Bf8 25. Qf3 Rc7 26. Bc3 Nxa3 27. Be4 Nc4 28. Bb1 Rcd7 29. Re4 g6 30. h4 Bg7 31. h5 Nxe5 32. Bxe5 Bxe5 33. h6 Bd6 34. Qf6 Bf8 35. Rxe6 Bxh6 0-1

[Event "Abe Yanofsky mem."]
[Site "Winnipeg CAN"]
[Date "2012.07.28"]
[Round "2"]
[White "Moncal, Nilo"]
[Black "Baragar, Fletcher"]
[Result "0-1"]
[WhiteElo "2098"]
[BlackElo "2248"]
[PlyCount "96"]
[GameId "2160767909441803"]
[EventDate "2012.07.27"]
[EventType "swiss"]
[EventRounds "5"]
[EventCountry "CAN"]
[SourceTitle "EXT 2022"]
[Source "ChessBase"]
[SourceDate "2021.10.06"]
[SourceVersion "1"]
[SourceVersionDate "2021.10.06"]
[SourceQuality "1"]

1. e4 c5 2. Nf3 Nc6 3. Nc3 d6 4. d4 cxd4 5. Nxd4 Nf6 6. Be2 e6 7. Be3 Be7 8. Qd2 O-O 9. O-O-O a6 10. g4 Nxd4 11. Bxd4 b5 12. g5 Nd7 13. h4 b4 14. Na4 Bb7 15. b3 e5 16. Be3 Bxe4 17. f3 Bc6 18. Nb2 d5 19. Rhf1 a5 20. f4 a4 21. bxa4 Bc5 22. fxe5 Bxe3 23. Qxe3 Qe7 24. Bf3 Ra5 25. Rfe1 Re8 26. Qf4 Nc5 27. Bxd5 Bxd5 28. Rxd5 Nb3+ 29. axb3 Rxd5 30. Nd3 Qc7 31. Nxb4 Rc5 32. Qd2 Rcxe5 33. Rd1 Re2 34. Nd5 Qh2 35. Qd3 Qxh4 36. a5 Qxg5+ 37. Kb2 Qe5+ 38. Qd4 Qh2 39. Qc4 h5 40. a6 Qf2 41. Rd4 Rxc2+ 42. Qxc2 Qxd4+ 43. Nc3 h4 44. Qg2 Rc8 45. Qh3 Qd2+ 46. Ka3 Qxc3 47. Qxc3 Rxc3 48. a7 Rc8 0-1

[Event "Abe Yanofsky mem."]
[Site "Winnipeg CAN"]
[Date "2012.07.28"]
[Round "2"]
[White "Pottinger, Carl"]
[Black "Willis, Bradley"]
[Result "0-1"]
[WhiteElo "1869"]
[BlackElo "2048"]
[PlyCount "84"]
[GameId "2160767909441804"]
[EventDate "2012.07.27"]
[EventType "swiss"]
[EventRounds "5"]
[EventCountry "CAN"]
[SourceTitle "EXT 2022"]
[Source "ChessBase"]
[SourceDate "2021.10.06"]
[SourceVersion "1"]
[SourceVersionDate "2021.10.06"]
[SourceQuality "1"]

1. c4 f5 2. g3 Nf6 3. Bg2 e6 4. Nf3 Be7 5. O-O O-O 6. d3 Nc6 7. Nc3 d6 8. a3 a5 9. Bd2 Qe8 10. Nb5 Bd8 11. b4 Bd7 12. Nbd4 Nxd4 13. Nxd4 e5 14. Nf3 c6 15. Qb3 a4 16. Qa2 Kh8 17. Rfe1 Nh5 18. Rac1 f4 19. c5 d5 20. Rf1 g5 21. Bc3 Bf6 22. e4 d4 23. Ba1 Qc8 24. Nd2 Bh3 25. f3 fxg3 26. Nc4 gxh2+ 27. Kxh2 Bxg2 28. Qxg2 Nf4 29. Qg4 Qxg4 30. fxg4 Nxd3 31. Rc2 Bg7 32. Rf5 Rxf5 33. gxf5 Bf6 34. Nb6 Rg8 35. Nd7 Kg7 36. Nb6 Kf7 37. Rd2 Nf4 38. Nxa4 g4 39. Kg3 h5 40. Rd1 h4+ 41. Kh2 g3+ 42. Kg1 g2 0-1

[Event "Abe Yanofsky mem."]
[Site "Winnipeg CAN"]
[Date "2012.07.28"]
[Round "2"]
[White "Rutter, Blair"]
[Black "Currie, James"]
[Result "0-1"]
[WhiteElo "1870"]
[BlackElo "1996"]
[PlyCount "70"]
[GameId "2160767909441805"]
[EventDate "2012.07.27"]
[EventType "swiss"]
[EventRounds "5"]
[EventCountry "CAN"]
[SourceTitle "EXT 2022"]
[Source "ChessBase"]
[SourceDate "2021.10.06"]
[SourceVersion "1"]
[SourceVersionDate "2021.10.06"]
[SourceQuality "1"]

1. c4 Na6 2. g3 c6 3. e4 e6 4. Nc3 b6 5. Nge2 Bb7 6. d4 f5 7. Nf4 g6 8. Bd3 Bg7 9. exf5 exf5 10. O-O Ne7 11. Re1 O-O 12. Be3 Kh8 13. Rc1 Nc7 14. Qd2 Ng8 15. h3 Re8 16. Qc2 Ne6 17. Nxe6 dxe6 18. Rcd1 g5 19. f4 h6 20. Qe2 Bxd4 21. Kh2 c5 22. Bc2 Qf6 23. fxg5 Qg6 24. Bxd4+ cxd4 25. Rxd4 e5 26. Rd7 Rab8 27. Red1 Re6 28. Rc7 Bc6 29. Qf2 Rf8 30. b4 hxg5 31. b5 Ba8 32. Rdd7 Nf6 33. Re7 Rxe7 34. Rxe7 Ng4+ 35. hxg4 Qh6+ 0-1

[Event "Abe Yanofsky mem."]
[Site "Winnipeg CAN"]
[Date "2012.07.28"]
[Round "2"]
[White "Schulz, Waldemar"]
[Black "De Groot, Steven"]
[Result "0-1"]
[WhiteElo "2045"]
[BlackElo "1897"]
[PlyCount "82"]
[GameId "2160767909441806"]
[EventDate "2012.07.27"]
[EventType "swiss"]
[EventRounds "5"]
[EventCountry "CAN"]
[SourceTitle "EXT 2022"]
[Source "ChessBase"]
[SourceDate "2021.10.06"]
[SourceVersion "1"]
[SourceVersionDate "2021.10.06"]
[SourceQuality "1"]

1. Nf3 Nf6 2. b3 b6 3. Bb2 Bb7 4. g3 e6 5. Bg2 d5 6. O-O Nbd7 7. d4 Be7 8. Nbd2 O-O 9. c4 c5 10. Rc1 Rc8 11. e3 dxc4 12. Nxc4 cxd4 13. Qxd4 Nc5 14. Rfd1 Qxd4 15. Nxd4 Bxg2 16. Kxg2 Nd5 17. a3 Bf6 18. b4 Ne4 19. Nb5 a6 20. Ncd6 Nxd6 21. Nxd6 Rxc1 22. Bxc1 Rd8 23. e4 Nc3 24. Re1 Rxd6 25. e5 Bxe5 26. Rxe5 f6 27. Re3 Nd5 28. Re1 Kf7 29. Kf3 Rc6 30. Bb2 Rc2 31. Re2 Rxe2 32. Kxe2 b5 33. Kd3 e5 34. Ke4 Ke6 35. g4 g6 36. Bc1 f5+ 37. gxf5+ gxf5+ 38. Kd3 Nb6 39. f4 Nc4 40. a4 Kd5 41. axb5 e4+ 0-1

[Event "Abe Yanofsky mem."]
[Site "Winnipeg CAN"]
[Date "2012.07.28"]
[Round "2"]
[White "Swift, Ryne"]
[Black "Wasserman, Leor"]
[Result "1-0"]
[WhiteElo "1815"]
[BlackElo "2033"]
[PlyCount "159"]
[GameId "2160767909441807"]
[EventDate "2012.07.27"]
[EventType "swiss"]
[EventRounds "5"]
[EventCountry "CAN"]
[SourceTitle "EXT 2022"]
[Source "ChessBase"]
[SourceDate "2021.10.06"]
[SourceVersion "1"]
[SourceVersionDate "2021.10.06"]
[SourceQuality "1"]

1. e4 c5 2. Nf3 d6 3. d4 Nf6 4. dxc5 Nxe4 5. cxd6 Qb6 6. Qd4 Qxd4 7. Nxd4 Nxd6 8. Nc3 a6 9. Bd3 e5 10. Nf3 Nc6 11. Nd5 Kd8 12. Bg5+ f6 13. Nxf6 gxf6 14. Bxf6+ Be7 15. Bxh8 e4 16. Be2 exf3 17. Bxf3 Nb4 18. O-O-O Bf5 19. h4 Bxc2 20. Rd4 Rc8 21. Rxb4 Bf8 22. Bf6+ Ke8 23. Kd2 Nc4+ 24. Rxc4 Rxc4 25. Rc1 Bb4+ 26. Bc3 Bxc3+ 27. bxc3 Bf5 28. Bxb7 Rxh4 29. Bxa6 Rh6 30. Bb5+ Ke7 31. a4 Rd6+ 32. Ke2 Re6+ 33. Kf1 Kd6 34. f3 Kc5 35. Re1 Rf6 36. Kf2 Bc2 37. c4 Rf5 38. g3 Kb4 39. Ra1 Ka5 40. Rc1 Be4 41. f4 Rc5 42. Ke3 Bf5 43. Kd4 Kb4 44. g4 Bg6 45. f5 Bxf5 46. gxf5 Rxf5 47. Rh1 h5 48. Rh4 Rg5 49. Ke4 Rc5 50. Kf4 Ka5 51. Rh2 Kb4 52. Re2 Rc7 53. Re5 Rh7 54. Kg3 h4+ 55. Kh3 Rh8 56. Re4 Rf8 57. Kxh4 Kc5 58. a5 Rf7 59. a6 Kd6 60. Re1 Kc5 61. Rd1 Kb6 62. Rd6+ Ka5 63. Rd7 Rxd7 64. Bxd7 Kxa6 65. Bb5+ Kb6 66. Kg5 Kc5 67. Kf4 Kd4 68. Kf5 Kc5 69. Ke5 Kb6 70. Kd6 Kb7 71. c5 Kc8 72. Kc6 Kb8 73. Kd7 Kb7 74. c6+ Kb6 75. c7 Ka7 76. Ba6 Kb6 77. c8=Q Ka5 78. Qb7 Ka4 79. Qb2 Ka5 80. Qb5# 1-0

[Event "Abe Yanofsky mem."]
[Site "Winnipeg CAN"]
[Date "2012.07.28"]
[Round "2"]
[White "Vincent, Trevor"]
[Black "Melamedoff, Gustavo"]
[Result "1-0"]
[WhiteElo "2356"]
[BlackElo "2125"]
[PlyCount "57"]
[GameId "2160767909441808"]
[EventDate "2012.07.27"]
[EventType "swiss"]
[EventRounds "5"]
[EventCountry "CAN"]
[SourceTitle "EXT 2022"]
[Source "ChessBase"]
[SourceDate "2021.10.06"]
[SourceVersion "1"]
[SourceVersionDate "2021.10.06"]
[SourceQuality "1"]

1. c4 b6 2. Nc3 c5 3. e4 e6 4. g3 Bb7 5. Bg2 g6 6. Nge2 Bg7 7. d4 d6 8. Be3 a6 9. Qd2 Qc7 10. Rd1 Ne7 11. dxc5 dxc5 12. Bf4 e5 13. Bh6 O-O 14. h4 f6 15. Bxg7 Kxg7 16. f4 Nbc6 17. h5 Rad8 18. Nd5 Nxd5 19. cxd5 Nd4 20. hxg6 hxg6 21. fxe5 g5 22. Nxd4 cxd4 23. d6 Qf7 24. O-O Qh5 25. Qxd4 fxe5 26. Qxe5+ Kh7 27. Qe7+ Kg8 28. Qxb7 g4 29. Qd5+ 1-0

[Event "Abe Yanofsky mem."]
[Site "Winnipeg CAN"]
[Date "2012.07.28"]
[Round "3"]
[White "Babb, Jeff"]
[Black "Repa, Jason"]
[Result "1-0"]
[WhiteElo "2214"]
[BlackElo "2106"]
[PlyCount "35"]
[GameId "2160767909441809"]
[EventDate "2012.07.27"]
[EventType "swiss"]
[EventRounds "5"]
[EventCountry "CAN"]
[SourceTitle "EXT 2022"]
[Source "ChessBase"]
[SourceDate "2021.10.06"]
[SourceVersion "1"]
[SourceVersionDate "2021.10.06"]
[SourceQuality "1"]

1. f4 d5 2. e3 c5 3. Nf3 a6 4. b3 Nc6 5. Bb2 Nf6 6. Ne5 d4 7. Nxc6 bxc6 8. Na3 e5 9. fxe5 Ng4 10. Nc4 dxe3 11. dxe3 Be6 12. Qf3 Rc8 13. Bd3 Be7 14. O-O-O Qc7 15. h3 Nh6 16. Nd6+ Bxd6 17. exd6 Qxd6 18. Bxa6 1-0

[Event "Abe Yanofsky mem."]
[Site "Winnipeg CAN"]
[Date "2012.07.28"]
[Round "3"]
[White "Baragar, Fletcher"]
[Black "Vincent, Trevor"]
[Result "1-0"]
[WhiteElo "2248"]
[BlackElo "2356"]
[PlyCount "71"]
[GameId "2160767909441810"]
[EventDate "2012.07.27"]
[EventType "swiss"]
[EventRounds "5"]
[EventCountry "CAN"]
[SourceTitle "EXT 2022"]
[Source "ChessBase"]
[SourceDate "2021.10.06"]
[SourceVersion "1"]
[SourceVersionDate "2021.10.06"]
[SourceQuality "1"]

1. d4 Nf6 2. c4 g6 3. Nc3 d5 4. Nf3 Bg7 5. Qb3 dxc4 6. Qxc4 O-O 7. e4 Be6 8. d5 Bc8 9. e5 Nfd7 10. e6 Nb6 11. Qh4 f6 12. Bh6 Nxd5 13. O-O-O c6 14. Bc4 Bxe6 15. Rhe1 Bf7 16. Bxg7 Kxg7 17. g4 h6 18. Qg3 e6 19. h4 Qc7 20. Qxc7 Nxc7 21. g5 hxg5 22. hxg5 f5 23. Ne5 Bg8 24. Rd6 Nd5 25. Bxd5 cxd5 26. Nxd5 Rc8+ 27. Nc3 Rc7 28. Rd8 b5 29. Kb1 a6 30. f4 Rca7 31. Red1 Bf7 32. Rc8 Rb7 33. Rdd8 a5 34. Rh8 b4 35. Na4 b3 36. Nxf7 1-0